Top 3 NCAA Tournament Teams (A-Z) Quiz Stats

 Plays Quiz Updated Mar 16, 2020

Support Sporcle.
Go Orange.
Score 0/68 Timer 15:00
4 Plays Today
Letter School % Correct
DDuke Blue Devils
94.4%
KKentucky Wildcats
92.1%
NNorth Carolina Tarheels
90.9%
KKansas Jayhawks
88.7%
XXavier Musketeers
87.6%
TTexas Longhorns
86.6%
FFlorida Gators
86.5%
AArizona Wildcats
86.4%
MMichigan State Spartans
86.2%
AAlabama Crimson Tide
84.4%
IIndiana Hoosiers
84.4%
UUCLA Bruins
84%
VVirginia Cavaliers
82.8%
FFlorida State Seminoles
80.9%
OOhio State Buckeyes
79.7%
IIllinois Fighting Illini
78.3%
OOklahoma Sooners
77.8%
VVillanova Wildcats
77.4%
YYale Bulldogs
77.1%
IIowa Hawkeyes
75.8%
SSyracuse Orange
75%
LLouisville Cardinals
74.3%
WWisconsin Badgers
73.7%
AArkansas Razorbacks
73.4%
TTennessee Volunteers
73.1%
GGeorgetown Hoyas
72.6%
LLouisiana State Tigers
72.5%
KKansas State Wildcats
72.2%
CConnecticut Huskies
70%
NNorth Carolina State Wolfpack
69.7%
MMaryland Terrapins
69.1%
GGonzaga Bulldogs
68.9%
UUtah Utes
68.4%
GGeorgia Tech Yellow Jackets
67%
Letter School % Correct
OOklahoma State Cowboys
65.9%
WWest Virginia Mountaineers
65.9%
PPurdue Boilermakers
64.6%
PPittsburgh Panthers
60.3%
HHouston Cougars
57%
BBoston College Eagles
56.3%
NNotre Dame Fighting Irish
54%
CCincinnati Bearcats
53.7%
BButler Bulldogs
53.5%
UUtah State Aggies
52.9%
JJacksonville Dolphins
52.2%
RRhode Island Rams
51.5%
BBrigham Young Cougars
50.9%
SSt John's Red Storm
50.2%
MMarquette Golden Eagles
49.9%
WWake Forest Demon Deacons
49.3%
PPrinceton Tigers
48.4%
TTemple Owls
45.9%
VVirginia Commonwealth Rams
42.8%
CCreighton Bluejays
39.4%
DDayton Flyers
34.1%
DDePaul Blue Demons
33.1%
SSt. Joseph's Hawks
28.3%
RRichmond Spiders
26.6%
JJackson State Tigers
23.5%
EEvansville Purple Aces
20.3%
EEastern Kentucky Colonels
18.9%
LLa Salle Explorers
18.1%
FFurman Paladins & Fairleigh Dickinson Knights
17.5%
HHoly Cross Crusaders
16%
JJames Madison Dukes
15.4%
EEast Tennessee State Buccaneers
13.3%
HHampton Pirates
12.8%
RRobert Morris Colonials
6.3%

From the Vault

Famous Tombstones

by Hejman

History 5m
Here is hoping you don't have grave concerns about this quiz.
Remove Ads.
Support Sporcle.
Get the best of Sporcle when you Go Orange. This ad-free experience offers more features, more stats, and more fun while also helping to support Sporcle. Thank you for becoming a member.

Show Comments

Extras

Top Quizzes Today


Score Distribution

Your Account Isn't Verified!

In order to create a playlist on Sporcle, you need to verify the email address you used during registration. Go to your Sporcle Settings to finish the process.

Report this User

Report this user for behavior that violates our Community Guidelines.

Details: